000 00437nam a2200181Ia 4500
005 20250423100850.0
008 250422s9999 xx 000 0 und d
020 _a0- 07- 07- 1117- 8
050 _aPF3074.73.W45
100 _aEdda Weiss
245 0 _aSchaum's outline of German vocabulary
250 _a2nd
260 _bMCGraw Hill
260 _c1998
300 _a223 p
650 _aGerman language- Vocabulary
942 _cBK
999 _c34577
_d34577